[Event "CZE-ch U16 Girls"]
[Site "Kouty nad Desnou"]
[Date "2009.03.14"]
[Round "9"]
[White "Tobiskova, Petra"]
[Black "Pokorna, Karolina"]
[Result "1/2-1/2"]
[WhiteElo "1250"]
[BlackElo "1444"]
[PlyCount "43"]
[EventDate "2009.03.07"]
[EventType "swiss"]
[EventRounds "9"]
[EventCountry "CZE"]
[SourceTitle "EXT 2011"]
[Source "ChessBase"]
[SourceDate "2010.11.26"]
[SourceVersion "1"]
[SourceVersionDate "2010.11.26"]
[SourceQuality "1"]

1. e4 e5 2. Nf3 Nf6 3. Nc3 Nc6 4. d3 Be7 5. d4 exd4 6. Nxd4 Bb4 7. Nxc6 bxc6 8. Bd2 Qe7 9. Qe2 d5 10. exd5 cxd5 11. Qxe7+ Kxe7 12. 0-0-0 Rd8 13. Bd3 c6 14. Rhe1+ Kf8 15. a3 Bc5 16. f3 Be6 17. Bg5 h6 18. Bxf6 gxf6 19. Na4 Bd6 20. g3 Re8 21. Re2 Bd7 22. Red2 1/2-1/2

[Event "CZE-ch U16 Girls"]
[Site "Kouty nad Desnou"]
[Date "2009.03.12"]
[Round "7"]
[White "Pokorna, Karolina"]
[Black "Slivova, Veronika"]
[Result "0-1"]
[WhiteElo "1444"]
[BlackElo "1756"]
[PlyCount "76"]
[EventDate "2009.03.07"]
[EventType "swiss"]
[EventRounds "9"]
[EventCountry "CZE"]
[SourceTitle "EXT 2011"]
[Source "ChessBase"]
[SourceDate "2010.11.26"]
[SourceVersion "1"]
[SourceVersionDate "2010.11.26"]
[SourceQuality "1"]

1. e4 e5 2. Nf3 Nc6 3. Nc3 Nf6 4. g3 Bb4 5. d3 d5 6. exd5 Nxd5 7. Bd2 Bg4 8. h3 Be6 9. Bg2 Qd7 10. a3 Bd6 11. Ne4 h6 12. c4 Nf6 13. Nxd6+ Qxd6 14. Be3 0-0-0 15. Bf1 Rhe8 16. g4 h5 17. Ng5 hxg4 18. Nxe6 Qxe6 19. hxg4 e4 20. Bh3 Rxd3 21. Qe2 Nd7 22. Rc1 Nce5 23. g5 Rh8 24. Qf1 Nf3+ 25. Ke2 Qe5 26. Rc2 Rd8 27. Bxd7+ R3xd7 28. Qc1 Qd6 29. Rc3 Qc6 30. Rc2 Qd6 31. Rc3 Qe5 32. Bf4 Nd4+ 33. Ke3 Qc5 34. b4 Qb6 35. c5 Qb5 36. Rc4 Nf5+ 37. Kxe4 Re7+ 38. Kxf5 Qd7# 0-1

[Event "CZE-ch U16 Girls"]
[Site "Kouty nad Desnou"]
[Date "2009.03.11"]
[Round "6"]
[White "Phamova, Xuan Mai"]
[Black "Pokorna, Karolina"]
[Result "1/2-1/2"]
[WhiteElo "1740"]
[BlackElo "1444"]
[PlyCount "69"]
[EventDate "2009.03.07"]
[EventType "swiss"]
[EventRounds "9"]
[EventCountry "CZE"]
[SourceTitle "EXT 2011"]
[Source "ChessBase"]
[SourceDate "2010.11.26"]
[SourceVersion "1"]
[SourceVersionDate "2010.11.26"]
[SourceQuality "1"]

1. e4 e5 2. Nf3 Nf6 3. Nxe5 d6 4. Nf3 Nxe4 5. d4 d5 6. Bd3 Bf5 7. 0-0 Bd6 8. Nc3 Nxc3 9. bxc3 Bxd3 10. Qxd3 0-0 11. Ng5 g6 12. Qh3 h5 13. g4 Qd7 14. gxh5 Qxh3 15. Nxh3 gxh5 16. Kh1 f6 17. Nf4 Bxf4 18. Bxf4 c6 19. Rae1 Kf7 20. Rg1 Nd7 21. Bh6 Rg8 22. Rxg8 Rxg8 23. Rg1 Rxg1+ 24. Kxg1 Nb6 25. Kg2 Kg6 26. Bc1 Nc4 27. f3 Nd6 28. Kf2 Kf5 29. Ke2 Nc4 30. h4 Kg6 31. Bf4 Kf5 32. Bc7 Ke6 33. Kd1 Kd7 34. Bf4 a5 35. Ke2 1/2-1/2

[Event "CZE-ch U16 Girls"]
[Site "Sec u Chrudimi"]
[Date "2008.03.13"]
[Round "7"]
[White "Simurdova, Zdenka"]
[Black "Pokorna, Karolina"]
[Result "1-0"]
[WhiteElo "1730"]
[BlackElo "1410"]
[PlyCount "89"]
[EventDate "2008.03.08"]
[EventType "swiss"]
[EventRounds "9"]
[EventCountry "CZE"]
[SourceTitle "EXT 2009"]
[Source "ChessBase"]
[SourceDate "2008.11.26"]
[SourceVersion "1"]
[SourceVersionDate "2008.11.26"]
[SourceQuality "1"]

1. c4 e5 2. Nc3 Nc6 3. g3 Nf6 4. Bg2 Bc5 5. Nf3 d5 6. cxd5 Nxd5 7. Nxe5 Nxc3 8. bxc3 Nxe5 9. d4 Bb6 10. dxe5 Qxd1+ 11. Kxd1 c6 12. e3 Be6 13. Ba3 Bc7 14. f4 0-0-0+ 15. Kc2 Rd7 16. Rhd1 Rxd1 17. Kxd1 Rd8+ 18. Kc2 Bc4 19. Bf1 Bd5 20. Bd3 h6 21. e4 Be6 22. c4 Bd7 23. Rd1 g6 24. Be2 Be6 25. Rxd8+ Kxd8 26. Bc5 a6 27. Kc3 b6 28. Bd6 Bxd6 29. exd6 c5 30. Bf3 Bd7 31. e5 Kc8 32. Bd5 Be8 33. h3 Kb8 34. Kb3 Kc8 35. a4 a5 36. g4 Kd7 37. Be4 Ke6 38. Bc2 Kd7 39. Kc3 Kc8 40. Kd3 Bc6 41. f5 gxf5 42. gxf5 Bd7 43. Ke4 Kd8 44. Kd5 Bc8 45. Kc6 1-0

[Event "CZE-ch U14 Girls"]
[Site "Sec u Chrudimi"]
[Date "2007.03.14"]
[Round "6"]
[White "Glaserova, Lucie"]
[Black "Pokorna, Karolina"]
[Result "1-0"]
[WhiteElo "1250"]
[BlackElo "1257"]
[PlyCount "71"]
[EventDate "2007.03.10"]
[EventType "swiss"]
[EventRounds "9"]
[EventCountry "CZE"]
[SourceTitle "EXT 2008"]
[Source "ChessBase"]
[SourceDate "2007.11.25"]
[SourceVersion "1"]
[SourceVersionDate "2007.11.25"]
[SourceQuality "1"]

1. d4 d5 2. e3 Bf5 3. Bd3 Bg6 4. Nf3 e6 5. 0-0 Nf6 6. Ne5 Bd6 7. c4 c6 8. f4 0-0 9. c5 Bxe5 10. fxe5 Ne4 11. b3 b6 12. cxb6 axb6 13. Bb2 Nd7 14. Nc3 Nxc3 15. Bxc3 Bxd3 16. Qxd3 f6 17. exf6 Nxf6 18. Qc2 Qc7 19. Bb4 Rf7 20. h3 Rc8 21. Rac1 Ne4 22. Rxf7 Qxf7 23. Rf1 Qb7 24. Qd1 Qa6 25. Qg4 Re8 26. Qf4 Nf6 27. g4 h6 28. g5 hxg5 29. Qxg5 Nd7 30. Qg6 Qc8 31. Qf7+ Kh8 32. Rf4 Nf6 33. Rh4+ Nh7 34. Qg6 Kg8 35. Qxh7+ Kf7 36. Rf4# 1-0

[Event "CZE-ch U14 Girls"]
[Site "Sec u Chrudimi"]
[Date "2007.03.13"]
[Round "5"]
[White "Pokorna, Karolina"]
[Black "Vicarova, Veronika"]
[Result "1/2-1/2"]
[WhiteElo "1257"]
[BlackElo "1000"]
[PlyCount "53"]
[EventDate "2007.03.10"]
[EventType "swiss"]
[EventRounds "9"]
[EventCountry "CZE"]
[SourceTitle "EXT 2008"]
[Source "ChessBase"]
[SourceDate "2007.11.25"]
[SourceVersion "1"]
[SourceVersionDate "2007.11.25"]
[SourceQuality "1"]

1. d4 d5 2. Nf3 Nf6 3. e3 Bg4 4. Be2 Bxf3 5. Bxf3 e6 6. Nd2 c5 7. c3 Nc6 8. 0-0 Bd6 9. Be2 0-0 10. Bd3 c4 11. Bc2 e5 12. dxe5 Bxe5 13. e4 dxe4 14. Nxe4 Qxd1 15. Rxd1 Rfe8 16. Nxf6+ Bxf6 17. Be3 Rad8 18. Ba4 a6 19. Kf1 b5 20. Bc2 Ne5 21. Bf4 Nd3 22. Bxd3 cxd3 23. Rd2 Rd7 24. Rad1 Red8 25. f3 h6 26. Kf2 g5 27. Bg3 1/2-1/2

[Event "CZE-ch U14 Girls"]
[Site "Sec u Chrudimi"]
[Date "2007.03.12"]
[Round "4"]
[White "Jezkova, Martina"]
[Black "Pokorna, Karolina"]
[Result "1/2-1/2"]
[WhiteElo "1257"]
[BlackElo "1257"]
[PlyCount "68"]
[EventDate "2007.03.10"]
[EventType "swiss"]
[EventRounds "9"]
[EventCountry "CZE"]
[SourceTitle "EXT 2008"]
[Source "ChessBase"]
[SourceDate "2007.11.25"]
[SourceVersion "1"]
[SourceVersionDate "2007.11.25"]
[SourceQuality "1"]

1. e4 d5 2. d3 dxe4 3. dxe4 Qxd1+ 4. Kxd1 e5 5. Nf3 Nc6 6. Bc4 Bg4 7. Be3 Nf6 8. Nc3 h6 9. Ke2 Bb4 10. Bd3 0-0-0 11. Rhd1 a6 12. Rab1 Nd4+ 13. Bxd4 exd4 14. Nd5 Nxd5 15. exd5 Rxd5 16. Kf1 Bxf3 17. gxf3 Rd7 18. Bf5 Rhd8 19. Rxd4 Bd6 20. Bxd7+ Rxd7 21. h3 Re7 22. Re1 Rd7 23. Re8+ Rd8 24. Rxd8+ Kxd8 25. Ke2 Kd7 26. Kd3 Kc6 27. Re4 Kd7 28. Kd4 b6 29. c3 Bc5+ 30. Kc4 Bxf2 31. Re2 Bh4 32. b3 Bf6 33. Re3 Bg5 34. Re2 Bf6 1/2-1/2

[Event "CZE-ch U14 Girls"]
[Site "Sec u Chrudimi"]
[Date "2007.03.12"]
[Round "3"]
[White "Pokorna, Karolina"]
[Black "Phamova, Xuan Mai"]
[Result "1-0"]
[WhiteElo "1257"]
[BlackElo "1255"]
[PlyCount "151"]
[EventDate "2007.03.10"]
[EventType "swiss"]
[EventRounds "9"]
[EventCountry "CZE"]
[SourceTitle "EXT 2008"]
[Source "ChessBase"]
[SourceDate "2007.11.25"]
[SourceVersion "1"]
[SourceVersionDate "2007.11.25"]
[SourceQuality "1"]

1. e4 e5 2. Nf3 Nc6 3. Bc4 Nf6 4. d4 exd4 5. 0-0 d5 6. Bb5 dxe4 7. Nxd4 Bd7 8. Nb3 Bd6 9. Nc3 a6 10. Bxc6 Bxc6 11. Re1 0-0 12. Bg5 Re8 13. Nd4 Be5 14. Nxc6 Qxd1 15. Raxd1 bxc6 16. Rb1 Bxc3 17. bxc3 h6 18. Bxf6 gxf6 19. Rb7 f5 20. Kf1 Rab8 21. Reb1 Rbc8 22. Ke2 f4 23. Rd1 Kf8 24. Rd7 Re7 25. Rxe7 Kxe7 26. Rb4 f5 27. Ra4 Ra8 28. Ra5 Ke6 29. Rc5 Kf6 30. Rxc6+ Kg5 31. Rxc7 h5 32. Rh7 Kg6 33. Rb7 h4 34. Rb6+ Kg5 35. h3 Rc8 36. Rb3 Kh5 37. Ra3 Rg8 38. Kf1 f3 39. gxf3 exf3 40. c4 Rc8 41. Rxf3 Rxc4 42. Rxf5+ Kg6 43. Ra5 Rxc2 44. Rxa6+ Kf5 45. Ra4 Kg5 46. Kg2 Rc5 47. Ra8 Kf6 48. a4 Rg5+ 49. Kf1 Ke6 50. Rb8 Rh5 51. Rb5 Rh8 52. Rb3 Kd5 53. a5 Kc4 54. Rb2 Kc3 55. Rb1 Kc2 56. Rb5 Kd3 57. a6 Ke4 58. Ra5 Kf3 59. Ra3+ Kf4 60. a7 Ra8 61. Ke2 Ke4 62. Ra4+ Kf5 63. Ke3 Ke5 64. f4+ Kf5 65. Ra5+ Kg6 66. Ke4 Re8+ 67. Kd5 Kf5 68. a8Q Rxa8 69. Rxa8 Kxf4 70. Rg8 Kf3 71. Ke5 Ke3 72. Rh8 Kf3 73. Rxh4 Kg3 74. Ra4 Kxh3 75. Kf5 Kg3 76. Rb4 1-0

[Event "CZE Juniorcentrum op-D"]
[Site "Sec u Chrudimi"]
[Date "2005.10.25"]
[Round "5"]
[White "Pokorna, Karolina"]
[Black "Peterova, Jitka"]
[Result "1/2-1/2"]
[WhiteElo "1100"]
[BlackElo "1250"]
[PlyCount "47"]
[EventDate "2005.10.22"]
[EventType "swiss"]
[EventRounds "9"]
[EventCountry "CZE"]
[SourceTitle "EXT 2008"]
[Source "ChessBase"]
[SourceDate "2007.11.25"]
[SourceVersion "1"]
[SourceVersionDate "2007.11.25"]
[SourceQuality "1"]

1. e4 e5 2. Nf3 Nc6 3. Bc4 Bc5 4. c3 Nf6 5. d4 exd4 6. cxd4 Bb4+ 7. Bd2 Bxd2+ 8. Nbxd2 d6 9. 0-0 0-0 10. Re1 Bg4 11. d5 Ne5 12. Be2 c6 13. Nxe5 Bxe2 14. Rxe2 dxe5 15. dxc6 bxc6 16. Rc1 Qb6 17. Nc4 Qd4 18. Qxd4 exd4 19. e5 Rfe8 20. Rce1 d3 21. Re3 Nd7 22. Rxd3 Nc5 23. Rde3 Rad8 24. b4 1/2-1/2